Previdn̊cia Social

Detalles Bibliográficos
Formato: eBook
Lenguaje:portugués
Publicado: San Pablo: LTR, 2016
Edición:7® Edicin̤
Materias:
Acceso en línea:Acceso restringido

MARC

LEADER 00000nam a22000007a 4500
005 20170315234819.0
007 cr|||| ||||
008 170315s2016 br |||||s|||| 00||0 por d
020 |a 978-85-60051-09-0 
035 |a 14874 
040 |a vLex 
090 |c 6611  |d 6611 
245 0 0 |a Previdn̊cia Social  |h [Recurso electrn̤ico] / 
250 |a 7® Edicin̤ 
256 |a Servicio en ln̕ea 
260 |a San Pablo:  |b LTR,  |c 2016 
300 |a 1 recurso electrn̤ico (438 p.) 
500 |a Regime Geral, legislaȯ̂ atualizada - remisse̳s e notas. 
506 1 |a Disponible solo en los productos indicados  |d vLex Global  |d vLex Global (Academic Edition, excluding Law Schools)  |d vLex Global (U.S. Academic Edition, Law Schools)  |d vLex Global (U.S. Academic Edition, excluding Law Schools)  |d vLex Global (Academic Edition, Law Schools) 
650 0 4 |a Derecho Laboral y Seguridad Social  |z Brasil 
740 0 |a vLex Libros (Servicio en ln̕ea) 
856 4 0 |u http://vlex.com/source/previd-ncia-social-14874  |z Acceso restringido 
942 |c BOOK 
999 0 |a Labor law and social security